000
00304nam a22001337a 4500
008
171017b xxu||||| |||| 00| 0 eng d
020
_a
c0004950
041
_a
eng
080
_2
2ND
_a
330.101.542
100
_a
52
101
_a
MIK
245
_a
PRINCIPLES OF MICROECONOMICS
_c
CASE,K.E
942
_2
udc
_c
BK
999
_c
34408
_d
34408